000 00204nam a2200109Ia 4500
100 _aCHARLES HANDY.
942 _cBK
245 _aTHE NEW ALCHEMIST.
260 _b#N/A
546 _aENGLISH
999 _c35715
_d35715